| АИС "Историко-культурное наследие Беларуси" | ||
| Базовый | Расширенный | Профессиональный | Словарь персоналий | Тематический словарь | По видам объектов | История запросов Заказы | Регистрация | |
Запись в MARC-формате
| копировать MARC-запись |
=LDR 00000nx\\c2200205\\\45\\
=001 BY-NLB-ar4394045
=005 20160330095634.2
=100 \\$a20110829abely50\\\\\\ca0
=152 \\$apsbo
=160 \\$ae-bw
=215 \\$aКасцёл Святога апостала Якуба (Цудзенішкі, вёска; Ашмянскі раён)
=300 1\$aПомнік архітэктуры барока з пазнейшымі напластаваннямі форм рэтраспектыўна-рускага стылю. Пабудаваны ў 18 ст. з цэглы на месцы храма, заснаванага ў 1629 г. і асвечанага ў імя святога Іакава Апостола. В 1866 г. перабудаваны ў праваслаўную царкву. У 1920-я гг. вернуты католікам.
=356 \\$aЗнаходзіцца ў вёсцы Цудзенішкі Ашмянскага раёна Гродзенскай вобласці.
=415 \\$aКасцёл Святога апостала Іакава (Цудзенішкі, вёска; Ашмянскі раён)
=515 \\$5w$3BY-NLB-ar4394042$aКостел Святого апостола Якуба (Цуденишки, деревня; Ошмянский район)
=801 \0$aBY$bBY-HM0000$c20110829
=810 \\$aКаталіцкія храмы Беларусі / А. М. Кулагін. — Мінск, 2008.
=856 4\$uhttp://traditio.ru/wiki/$zСайт свабоднай рускай энцыклапедыі «Традиция».
=999 \\$f28$t20110829
=999 \\$h742$t20111216
Чтобы вернуться назад, щелкните кнопку BACK на Вашем браузере